MARC details
| 000 -CABECERA |
| campo de control de longitud fija |
02257nab a2200289 a 4500 |
| 005 - FECHA Y HORA DE LA ÚLTIMA TRANSACCIÓN |
| campo de control |
20241016063845.0 |
| 008 - ELEMENTOS DE LONGITUD FIJA--INFORMACIÓN GENERAL |
| campo de control de longitud fija |
991125c2017 sp ar p o 000 0 spa d |
| 035 ## - NÚMERO DE CONTROL DEL SISTEMA |
| Número de control de sistema |
UPN01000227017 |
| 040 ## - FUENTE DE LA CATALOGACIÓN |
| Centro catalogador/agencia de origen |
UPN |
| Lengua de catalogación |
spa |
| Centro/agencia transcriptor |
UPN |
| Normas de descripción |
aacr2 |
| 049 ## - COLECCIÓN |
| Colección |
ART-E |
| 100 1# - ASIENTO PRINCIPAL--NOMBRE PERSONAL |
| Nombre de persona |
Méndez Lois, María José |
| Enlace |
- mjose.mendez@usc.es |
| 100 1# - ASIENTO PRINCIPAL--NOMBRE PERSONAL |
| Nombre de persona |
Villar Varela, Milena |
| 100 1# - ASIENTO PRINCIPAL--NOMBRE PERSONAL |
| Nombre de persona |
Barreiro Fernández, Felicidad |
| 245 10 - MENCIÓN DE TÍTULO |
| Título |
Observar la violencia 2.0: comportamiento cómplice, de la adolescencia gallega, en función del género. |
| Medio |
[recurso electrónico en línea] |
| 506 0# - NOTA DE RESTRICCIONES AL ACCESO |
| Limitaciones de acceso |
Acceso abierto |
| 520 3# - NOTA DE RESUMEN, ETC. |
| Sumario, etc. |
En la actual situación de revolución tecnológica, el ciberespacio se convierte en el nuevo ámbito de relaciones, un lugar cotidiano para los y las jóvenes de nuestro mundo. Esto incrementa el riesgo de violencia al desaparecer las barreras espaciales que delimitaban la comunicación entre iguales, y da lugar al nacimiento de un nuevo concepto: la violencia 2.0. Este trabajo analiza las experiencias de observación de conductas violentas 2.0, de la población adolescente, en entornos virtuales e identifica factores asociados con el comportamiento ciberobservador en este colectivo. En el estudio participaron 615 estudiantes de tercero y cuarto de la ESO escolarizados en Galicia y seleccionados mediante muestreo por conveniencia. En relación a las experiencias, los resultados indican que los y las jóvenes consultados han observado múltiples conductas violentas y se han encontrado diferencias por sexo en lo que unas y otros han observado. Los factores asociados a las conductas violentas observadas que se han identificado son tres que guardan relación con las conductas verbales agresivas mostradas ante lo que difiere del canon normativo heteropatriarcal, la violencia sexual y, por último, las experiencias asociadas al mito del amor romántico. |
| 650 #4 - ASIENTO SECUNDARIO DE MATERIA - TERMINO TEMATICO |
| Término de materia o nombre geográfico como elemento de entrada |
Violencia |
| 9 (RLIN) |
7151 |
| 650 #4 - ASIENTO SECUNDARIO DE MATERIA - TERMINO TEMATICO |
| Término de materia o nombre geográfico como elemento de entrada |
Adolescencia |
| 9 (RLIN) |
1008 |
| 650 #4 - ASIENTO SECUNDARIO DE MATERIA - TERMINO TEMATICO |
| Término de materia o nombre geográfico como elemento de entrada |
Género |
| 9 (RLIN) |
5712 |
| 653 0# - TERMINO DE INDIZACION - NO CONTROLADO |
| Término no controlado |
Entorno virtual |
| 653 0# - TERMINO DE INDIZACION - NO CONTROLADO |
| Término no controlado |
Observación |
| 773 ## - ENLACE AL DOCUMENTO FUENTE/ENTRADA DE REGISTRO ANFITRIÓN |
| Parte(s) relacionada(s) |
No. 27 (2017), p. 121-131 |
| Título |
Innovación educativa |
| Número Internacional Normalizado para Publicaciones Seriadas |
2340-0056 |
| 856 4# - LOCALIZACIÓN Y ACCESO ELECTRÓNICOS |
| Identificador Uniforme del Recurso |
<a href="https://revistas.usc.gal/index.php/ie/article/view/4351">https://revistas.usc.gal/index.php/ie/article/view/4351</a> |
| 856 4# - LOCALIZACIÓN Y ACCESO ELECTRÓNICOS |
| Identificador Uniforme del Recurso |
<a href="https://doi.org/10.15304/ie.27.4351">https://doi.org/10.15304/ie.27.4351</a> |
| 905 ## - TIPO DE MATERIAL |
| Tipo de material |
Articulo |
| 942 ## - ELEMENTOS DE PUNTO DE ACCESO ADICIONAL (KOHA) |
| Tipo de ítem Koha |
Artículo Electrónico |